00307nam a2200121Ia 45000030006000000080041000060400015000471000035000622450038000972600021001355460012001560050017001680STCL150530s9999 xx 000 0 und d aSTCLcSTCL aBasolo Fred; Pearson Ralph, G. aMechanisms of inorganic reactions bJohn Wileyc1958 aEnglish20220125170308.0